| 000 | 00431nam a22001577a 4500 | ||
|---|---|---|---|
| 008 | 250529b |||||||| |||| 00| 0 eng d | ||
| 020 | _a0395712173 | ||
| 050 |
_aQA39.2 _b.A88 1995 |
||
| 100 | _aAufmann .N. Richard | ||
| 245 |
_aBasic College Mathematics _bAn Applied Approach |
||
| 250 | _a5th | ||
| 260 |
_aBoston _bHoughton Mifflin Company _c1995 |
||
| 300 |
_aiv, 212p. _billustration; |
||
| 650 | _aMathematics | ||
| 942 | _cBK | ||
| 999 |
_c3703 _d3703 |
||